O projekte Zakona SSSR "O nalogach s gosudarstvennych, arendnych, kooperativnych, obščestvennych i inych predprijatij, ob'jedinenij i organizacij".

Zásady nového daňového zákona. Objekty zdanenia. Postup výpočtu zdaniteľného zisku. Daňové sadzby. Daňové úľavy. Regulovanie spotrebného fondu. Daň z obratu. Daňové zaťaženie spoločných podnikov. Daňové zaťaženie exportu a importu. Daň majiteľov dopravných prostriedkov. Zodpovednosť za dodržiavanie...

Descrizione completa

Salvato in:
Dettagli Bibliografici
Autore principale: Pavlov, V.S
Natura: Capitolo di libro
Lingua:russo
Soggetti:
Tags: Aggiungi Tag
Nessun Tag, puoi essere il primo ad aggiungerne!!

MARC

LEADER 00000naa a2200000 4500
001 r001191
005 20220819192254.1
041 0 |a rus 
044 |a [SU] 
245 1 0 |a O projekte Zakona SSSR "O nalogach s gosudarstvennych, arendnych, kooperativnych, obščestvennych i inych predprijatij, ob'jedinenij i organizacij".  |c V.S. Pavlov 
520 |a Zásady nového daňového zákona. Objekty zdanenia. Postup výpočtu zdaniteľného zisku. Daňové sadzby. Daňové úľavy. Regulovanie spotrebného fondu. Daň z obratu. Daňové zaťaženie spoločných podnikov. Daňové zaťaženie exportu a importu. Daň majiteľov dopravných prostriedkov. Zodpovednosť za dodržiavanie daňových zákonov. 
610 2 0 |a dane 
610 2 0 |a sústava daňová 
610 2 0 |a zákony 
610 2 0 |a ZSSR 
610 2 0 |a podnik 
100 1 |a Pavlov, V.S.